| 000 | 00892nas a2200313 4500 | ||
|---|---|---|---|
| 001 | BR2015001644 | ||
| 003 | BR-BrBNA | ||
| 005 | 20231205125205.0 | ||
| 007 | ta | ||
| 008 | 230509b bl.|||p| |||| 00| 00por d | ||
| 040 |
_aBR-BrBNA _bpor _cBiblioteca Nacional de Agricultura |
||
| 041 | _a(Pt) | ||
| 072 | _aK50 | ||
| 100 | 1 | _aMotta, J.P. | |
| 100 | 1 | _aOliveira, J.T. da S. | |
| 100 | 1 | _aBraz, R.L. | |
| 100 | 1 | _aDuarte, A.P.C. | |
| 100 | 1 | _aAlves, R.C. | |
| 245 | 1 | _aCaracterização da madeira de quatro espécies florestais | |
| 650 | _aEUCALIPTO | ||
| 650 | _aMADEIRA | ||
| 650 | _aPROPRIEDADE MECÂNICA | ||
| 650 | _aQUALIDADE | ||
| 650 | _aANATOMIA VEGETAL | ||
| 650 | _aANÁLISE FÍSICA | ||
| 773 | 0 |
_tCiência Rural (Brazil) _xISSN 0103-8478 _g(Dec 2014), V. 44(12) p. 2186-2192 _wBR2015001644 |
|
| 909 |
_a202311 _bLúcia _c55 _dLúcia Elande |
||
| 942 |
_2AGRIS _n0 _cANA |
||
| 999 |
_c243123 _d243123 |
||